000 00467ntaaa2200169 4500
003 01
005 20251027201208.0
008 0714s1973 ag 01
040 _aAR-BaBN
_bspa
_cAR-BaBN
_eaacr
_dRIC
082 _a220.594511 B47
100 _aBiblia. Húngaro. Gáspár. 1963
_99880
245 _aSzent Biblia /
_cBiblia. Húngaro. Gáspár. 1963
250 _arev. ed.
260 _aBudapest :
_bBibliatarsulat,
_c1963
300 _a822, 276 p. ;
_c20 cm
942 _cBK
999 _c6248
_d6248